000 00888nam a22002297a 4500
005 20100812114028.0
010 _aENG-99865
020 _a9789380009209
_c950.00
020 _a9380009208
_c950.00
035 _aEN-83397
037 _bDBAD/PUB
082 _a959.104
245 _aRed peacocks:
_cediter by John H. Badgley [and] Aye kyaw
_bcommentaries on burmese socialist nationalism /
260 _aNew Delhi
_bReadworthy Publications
_c2009
270 _bNew Delh
_aA-18, Mohan Garden Near Nawada Metro Station
_e11005906
300 _axxii, 340p.
_c22cm (Hb)
500 _aIncludes bibliographical references and index
700 _911666
_aBadgley, John H
700 _aKyaw, Aye
_911689
942 _2ddc
_cEN
_h959.104
_mRED
999 _c41319
_d41319